| 000 | 00000nam 2200000zi 4500 |
| 001 | 9.932222 |
| 003 | CaOODSP |
| 005 | 20240214114248 |
| 006 | m o d f |
| 007 | cr |n||||||||| |
| 008 | 240109e202402##oncd ob f00| 0 eng d |
| 020 | |a9780660695358 |
| 040 | |aCaOODSP|beng|erda|cCaOODSP |
| 043 | |an-cn-on |
| 086 | 1 |aFs70-5/2024-005E-PDF |
| 100 | 1 |aFung, Simon, |eauthor. |
| 245 | 10|aRecovery potential modelling of northern madtom (Noturus stigmosus) in Canada / |cSimon R. Fung and Marten A. Koops. |
| 264 | 1|aOttawa ON : |bCanadian Science Advisory Secretariat (CSAS), |cFebruary 2024. |
| 264 | 4|c©2024 |
| 300 | |a1 online resource (iv, 23 pages) : |bcharts |
| 336 | |atext|btxt|2rdacontent |
| 337 | |acomputer|bc|2rdamedia |
| 338 | |aonline resource|bcr|2rdacarrier |
| 490 | 1 |aResearch document, |x1919-5044 ; |v2024/005 |
| 500 | |aIssued also in French under title: Modélisation du potentiel de rétablissement du chat-fou du Nord (Noturus stigmosus) au Canada. |
| 504 | |aIncludes bibliographical references (pages 22-23). |
| 650 | 0|aNorthern madtom|xConservation|zOntario. |
| 650 | 0|aWildlife recovery|zOntario. |
| 710 | 1 |aCanada. |bDepartment of Fisheries and Oceans. |bOntario and Prairie Region, |eissuing body. |
| 710 | 2 |aCanadian Science Advisory Secretariat, |eissuing body. |
| 775 | 08|tModélisation du potentiel de rétablissement du chat-fou du Nord (Noturus stigmosus) au Canada / |w(CaOODSP)9.932223 |
| 830 | #0|aResearch document (Canadian Science Advisory Secretariat)|v2024/005.|w(CaOODSP)9.507396 |
| 856 | 40|qPDF|s1.45 MB|uhttps://publications.gc.ca/collections/collection_2024/mpo-dfo/fs70-5/Fs70-5-2024-005-eng.pdf |